000 01265cam a22002891 4500
001 gs 38000248
003 DLC
005 20260227111343.0
008 720313s1937 oncabe b 000 0 eng
010 _ags 38000248
035 _a(OCoLC)261963
040 _aDLC
_cOAkU
_dNSbSU
_dDLC
050 0 0 _aQE185
_b.A2 no. 211
051 _aQE193
_b.C66
100 1 _aCooke, Harold Caswell,
_d1884-
245 1 0 _aThetford, Disraeli and eastern half of Warwick map-areas, Quebec,
_cby H.C. Cooke, with chapters on the Beauceville, St. Francis and Lake Aymer series, by T.H. Clark.
260 _aOttawa,
_bJ.O. Patenaude, printer to the King,
_c1937.
300 _avi, 160 p.
_bincl. illus., plans, tables. 3 fold. maps (in pocket) fold. diagr. (in pocket)
490 1 _aGeological Survey of Canada. Memoir
_v211
500 _aAt head of title: Canada. Department of mines and resources. Mines and gology branch. Bureau of geology and topography. Geological Survey.
500 _aIn lower right corner of t.-p.: no.2440.
504 _aBibliography: p. 3-7.
650 0 _aGeology
_zQuébec (Province)
650 0 _aMines and mineral resources
_zQuébec (Province)
700 1 _aClark, Thomas Henry,
_d1893-
830 0 _aMemoir (Geological Survey of Canada) ;
_v211
999 _c27483
_d27483